Úver vo finančnom manažmente verejnej správy

Úver - zdroj financovania potrieb subjektov verejnej správy ako základná zložka verejného sektora. Autorka konkretizuje úver ako finančnú kategóriu, predmet úverového manažmentu na úrovní obcí a miest z pohľadu teórie dlhového financovania. Poskytuje základné informácie o vývoji a produktoch úverové...

Full description

Saved in:
Bibliographic Details
Main Author: Nináčová, Valéria
Format: Book Chapter
Language:Slovak
Subjects:
Tags: Add Tag
No Tags, Be the first to tag this record!

MARC

LEADER 00000nla$a2200000$$$4500
001 0129461
005 20221107083904.6
041 0 |a slo 
044 |a SK 
245 1 0 |a Úver vo finančnom manažmente verejnej správy  |c Valéria Nináčová 
520 |a Úver - zdroj financovania potrieb subjektov verejnej správy ako základná zložka verejného sektora. Autorka konkretizuje úver ako finančnú kategóriu, predmet úverového manažmentu na úrovní obcí a miest z pohľadu teórie dlhového financovania. Poskytuje základné informácie o vývoji a produktoch úverového portfólia vybraných subjektov kapitálového trhu v SR, poskytovaných obciam a mestám. 
610 2 0 |a úver 
610 2 0 |a produkty 
610 2 0 |a manažment úverový 
610 2 0 |a správa verejná 
610 2 0 |a financie verejné 
100 1 |a Nináčová, Valéria